000 00417nam a22001697a 4500
005 20160527114126.0
008 160527b xxu||||| |||| 00| 0 eng d
020 _a978-0-07-062018-6
041 _aeng
082 _b5477
100 _aMarcarthy E Jerome & oghers
_91370
245 _aBasic Marketing
260 _aNew Delhi
_bAcademic Faundation
_c2007
300 _a844
650 _aManagement
_9241
942 _cBK
999 _c1946
_d1945